01064nab a22002417a 4500999001500000003000400015005001700019008004100036040000700077100003500084245015700119260007200276300001200348500003500360505010000395505008900495650002300584650002300607650002400630650002700654773012800681942001300809 c5501d5501OSt20251209143437.0190502c xxu||||| |||| 00| 0 spa d cPJ 95802aGarcía, Víctor Hugo 13aLa recepción del derecho penal alemán en la Argentina del siglo XIX. Diálogo y debate por las causas de justificación /cVíctor Hugo García. aCiudad Autónoma de Buenos Aires :bThomson Reuters La Ley,c2025. ap. 3-30 aCita Online: AR/DOC/2134/2025. aSumario: I. Introducción.— II. Primera parte.— III. Segunda parte.— IV. Conclusión.  t¿Te interesa el texto completo? Solicitalo al correo: koha@justierradelfuego.gov.ar 09343aDERECHO PENAL 092581aCULPABILIDAD 094053aIMPUTABILIDAD 09234aDERECHO COMPARADO0 0272993180dBuenos Aires : LexisNexis, 2006-tRevista de derecho penal y procesal penal. Nº 10 - Octubre 2025z9875920622 2udccANA